Implementation of Active Communication strategies to improve Customer Acquisition at IKSC (Record no. 359430)
[ view plain ]
| 000 -LEADER | |
|---|---|
| fixed length control field | 00446nam a22001457a 4500 |
| 005 - DATE AND TIME OF LATEST TRANSACTION | |
| control field | 20240809161411.0 |
| 008 - FIXED-LENGTH DATA ELEMENTS--GENERAL INFORMATION | |
| fixed length control field | 240809b |||||||| |||| 00| 0 eng d |
| 041 ## - LANGUAGE CODE | |
| Language code of text/sound track or separate title | eng |
| 082 ## - DEWEY DECIMAL CLASSIFICATION NUMBER | |
| Item number | SHE |
| 100 ## - MAIN ENTRY--PERSONAL NAME | |
| Author | Shendkar Shivani- 2k221129 & Dr. Kamlakar Munde - Guide |
| 245 ## - TITLE STATEMENT | |
| Title | Implementation of Active Communication strategies to improve Customer Acquisition at IKSC |
| 260 ## - PUBLICATION, DISTRIBUTION, ETC. | |
| Place of publication, distribution, etc. | Pune |
| Name of publisher, distributor, etc. | SPPU |
| Date of publication, distribution, etc. | March-2024 |
| 300 ## - PHYSICAL DESCRIPTION | |
| Extent | 61p |
| 942 ## - ADDED ENTRY ELEMENTS (KOHA) | |
| Koha item type | Project Reports |
| Withdrawn status | Lost status | Source of classification or shelving scheme | Damaged status | Not for loan | Home library | Current library | Date acquired | Vendor | Total Checkouts | Full call number | Barcode | Date last seen | Bill Date | Koha item type | Original Barcode |
|---|---|---|---|---|---|---|---|---|---|---|---|---|---|---|---|
| Dewey Decimal Classification | Smt. Hiraben Nanavati Institute of Management & Research for Women | Smt. Hiraben Nanavati Institute of Management & Research for Women | 28/03/2024 | HNIMR | SHE | HIMR-PR-792 | 09/08/2024 | 09/08/2024 | Project Reports | PR0792 |